000 00342nam a22001337a 4500
005 20250901165805.0
008 250320b |||||||| |||| 00| 0 eng d
020 _a9780195738308
050 _aPL 8704 .W37 2013
245 _aKivuli cha Ndoto
_cKenna Wasike
260 _aNairobi:
_bOxford,
_c2013.
300 _a100 pages:
_c18 cm.
942 _2lcc
999 _c9276
_d9276